El camaleón chino: análisis a los conceptos europeos de la civilización China

Uloženo v:
Podrobná bibliografie
Hlavní autor: Dawson, Raymond (Autor)
Médium: Kniha
Jazyk:španělština
Vydáno: Madrid Alianza 1970
Edice:Libro de Bolsillo. Sección Humanidades
Témata:
Tagy: Přidat tag
Žádné tagy, Buďte první, kdo vytvoří štítek k tomuto záznamu!

MARC

LEADER 00000nam a2200000 a 4500
001 UCO2233
003 CL-VaPUC
008 000602e19700000SP |||||||||||||||||spa|d
082 0 4 |a 951  |b DAW  |2 21 
100 0 |a Dawson, Raymond  |e author  |9 445203 
245 1 3 |a El camaleón chino: análisis a los conceptos europeos de la civilización China 
300 |a 309 p 
942 |c BK 
945 |d 20000602 00:00:00  |a rherrera 
260 |a Madrid  |b Alianza  |c 1970 
650 0 |a Historia de China  |9 434737 
650 7 |a DINASTIAS CHINAS  |2 CL-VaPUC  |9 445192 
650 7 |a CIVILIZACION CHINA  |2 CL-VaPUC  |9 438850 
650 0 |a Crítica e interpretación   |9 255042 
651 0 |a China   |9 257545 
583 |a last modification  |c 20000602 00:00:00  |k Rodrigo Vera 
490 0 |a Libro de Bolsillo. Sección Humanidades 
999 |c 288772  |d 288770 
952 |0 0  |1 0  |4 0  |6 951_000000000000000_DAW_1970  |7 0  |8 A  |9 336689  |a BIBHIS  |b BIBHIS  |d 2019-11-20  |i 1283847  |l 2  |m 1  |o 951 DAW 1970  |p 1283847  |r 2025-01-20  |s 2023-11-27  |w 2019-11-20  |y BK  |k HIS 
952 |0 0  |1 0  |4 0  |6 951_000000000000000_DAW_1970  |7 0  |8 A  |9 336690  |a BIBHIS  |b BIBHIS  |d 2019-11-20  |i 1283855  |o 951 DAW 1970  |p 1283855  |r 2025-01-20  |w 2019-11-20  |y BK  |k HIS 
952 |0 0  |1 0  |4 0  |6 951_000000000000000_DAW_1970  |7 0  |8 A  |9 336691  |a BIBHIS  |b BIBHIS  |d 2019-11-20  |i 1283863  |l 1  |m 5  |o 951 DAW 1970  |p 1283863  |r 2025-01-20  |s 2024-06-27  |w 2019-11-20  |y BK  |k HIS